000 00448nam a2200133Ia 4500
008 100328s9999 xx 000 0 und d
082 _b51724
100 _aकुलकर्णी द.भि.
245 _aपहिल्यांदा रणांगण
260 _bपॅाप्युलर
630 _aपहिल्यांदा रणांगण
730 _aपहिल्यांदा रणांगण
942 _cBOOK
999 _c538644
_d538641